Postupy členských štátov EÚ pri vystavovaní dokladov potvrdzujúcich nárok na peňažné dávky v chorobe a materstve migrujúcich
Peňažné dávky v chorobe a materstve migrujúcich a uplatnenie koordinačných nariadení článku 27 nariadenia Európskeho parlamentu a Rady (ES) č. 987/2009, ktorým sa stanovuje postup vykonávania nariadenia (ES) č. 883/2004 o koordinácii systémov sociálneho zabezpečenia. Aplikácia nových nariadení a pou...
Salvato in:
| Autore principale: | |
|---|---|
| Natura: | Capitolo di libro |
| Lingua: | slovacco |
| Soggetti: | |
| Tags: |
Nessun Tag, puoi essere il primo ad aggiungerne!!
|
MARC
| LEADER | 00000nla$a2200000$$$4500 | ||
|---|---|---|---|
| 001 | 0137104 | ||
| 005 | 20220729105211.2 | ||
| 041 | 0 | |a slo | |
| 044 | |a SK | ||
| 245 | 1 | 0 | |a Postupy členských štátov EÚ pri vystavovaní dokladov potvrdzujúcich nárok na peňažné dávky v chorobe a materstve migrujúcich |c Katarína Dokupilová |
| 520 | |a Peňažné dávky v chorobe a materstve migrujúcich a uplatnenie koordinačných nariadení článku 27 nariadenia Európskeho parlamentu a Rady (ES) č. 987/2009, ktorým sa stanovuje postup vykonávania nariadenia (ES) č. 883/2004 o koordinácii systémov sociálneho zabezpečenia. Aplikácia nových nariadení a používanie vnútroštátnych tlačív v Slovinskej republike, Litovskej republike, Dánskom kráľovstve, Cyperskej republike, Gréckej republike, Holandskom kráľovstve, Maltskej republike, Rakúskej republike. | ||
| 610 | 2 | 0 | |a poistenie sociálne |
| 610 | 2 | 0 | |a poistenie nemocenské |
| 610 | 2 | 0 | |a zabezpečenie sociálne |
| 610 | 2 | 0 | |a dávky poistenia nemocenského |
| 610 | 2 | 0 | |a dávky v materstve |
| 610 | 2 | 0 | |a predpisy právne |
| 610 | 2 | 0 | |a Európska únia |
| 610 | 2 | 0 | |a pohyb obyvateľstva |
| 100 | 1 | |a Dokupilová, Katarína | |